| 000 | 00724nam a2200205 i 4500 | ||
|---|---|---|---|
| 001 | 134699 | ||
| 003 | ES-MaACL | ||
| 005 | 20230906194728.0 | ||
| 007 | t| | ||
| 008 | 070913s1967 sp ||||1| spa d | ||
| 100 | 1 |
_aWeill-Halle, Lagroua. _9116348 |
|
| 245 | 1 | 0 |
_aA favor de la píldora y la planificación familiar / _cLagroua Weill-Halle . _bEn contra de la píldora y la planificación familiar / Paul Chauchard. |
| 246 | 3 | _aEn contra de la píldora y la planificación familiar. | |
| 260 |
_aBarcelona : _bPomaire, _c[1967] |
||
| 300 |
_a81, 67 p. ; _c20 cm. |
||
| 650 |
_aAnticonceptivos. _9168869 |
||
| 650 |
_aControl de natalidad. _911338 |
||
| 700 | 1 |
_aChauchard, Paul. _938194 |
|
| 852 |
_aES-MaACL _jC-34131 |
||
| 999 |
_c134699 _d134699 |
||